000 00648nam a2200181Ia 4500
008 090123s9999 xx 000 0 und d
082 _b28481
100 _aदेवधर ज्योत्स्ना केशव
245 _aमूठभर माणुसकी
250 _a1
260 _bनवचैतन्य प्रकाशन
_c1998
300 _a168
600 _aदेवधर ज्योत्स्ना केशव
630 _aमूठभर माणुसकी
700 _aदेवधर ज्योत्स्ना केशव
730 _aमूठभर माणुसकी
942 _cBOOK
999 _c67016
_d67016